00403nam a2200109Ia 4500008004100000020002200041100002000063245011500083260003400198300002300232650003800255200924s9999 xx 000 0 und d a978-111-9924-58-6 aWeygandt, Jerry cJerry Weygandt, Paul Kimmel, Don KiesoaFinancial accounting with international financial reporting standards/ aManila:bC&E Publishingc2019 axiii, I-14c27 cm. aFinancial statements -- standards